| 000 | 00000nam##2200000za#4500 |
| 001 | 9.600653 |
| 003 | CaOODSP |
| 005 | 20210624205705 |
| 007 | cr ||||||||||| |
| 008 | 150406|1987||||xxc|||||o f|0| 0 fre|d |
| 040 | |aCaOODSP|bfre |
| 043 | |an-cn--- |
| 086 | 1 |aNH18-1/26-1987F-PDF |
| 110 | 2 |aSociété canadienne d'hypothèques et de logement. |
| 245 | 10|aProgramme de demonstration de logements pour les ruraux et les autochtones / |h[ressource électronique]|cconsultant principal, Raymond Couture. |
| 246 | 3 |aRapport : programme de demonstration pour les ruraux et les autochtones, detail technique/developpement d'un systeme de construction |
| 260 | |aOttawa - Ontario : |bSociété canadienne d'hypothèques et de logement |c1987. |
| 300 | |a46p.|bfigures, tableaux |
| 490 | 1 |aRapport de recherche |
| 590 | |a11-23-Supp|b2011-10-17 |
| 720 | 1 |aCouture, Raymond |
| 830 | #0|aResearch report (Société canadienne d'hypothèques et de logement : En ligne)|w(CaOODSP)9.502470 |
| 856 | 40|ahttp://publications.gc.ca|qPDF|s1.53 Mo|uhttps://publications.gc.ca/collections/collection_2011/schl-cmhc/nh18-1/NH18-1-26-1987-fra.pdf |